[Event "Wch Blitz 8th"]
[Site "Dubai"]
[Date "2014.06.20"]
[Round "15"]
[White "Dubov, Daniil"]
[Black "Sokolov, Ivan"]
[Result "1-0"]
[WhiteElo "2614"]
[BlackElo "2650"]
[PlyCount "77"]
[EventDate "2014.06.19"]
[EventType "swiss (blitz)"]
[EventRounds "21"]
[EventCountry "UAE"]
[SourceTitle "CBM 160 Extra"]
[Source "ChessBase"]
[SourceDate "2014.07.01"]
[SourceVersion "1"]
[SourceVersionDate "2014.07.01"]
[SourceQuality "1"]

1. Nf3 d5 2. g3 Bg4 3. Bg2 Nd7 4. O-O e6 5. d3 Bd6 6. h3 Bh5 7. Nbd2 Ne7 8. Qe1 ({RR} 8. b3 O-O 9. Bb2 a5 10. a4 c5 11. g4 Bg6 12. Nh4 Nc6 13. Nxg6 hxg6 14. e4 d4 15. f4 g5 16. f5 Bf4 17. Nc4 e5 18. Bc1 Ra6 19. Qe2 Qe7 20. Qf2 Nb4 21. Bxf4 gxf4 22. h4 g5 {Wang,H (2763)-Caruana,F (2835) Chess.com INT 2020 0-1 (46)}) ({RR} 8. e4 O-O 9. Qe2 c5 10. g4 Bg6 11. c3 Nc6 12. Re1 Bf4 13. Nf1 Qc7 14. Bxf4 Qxf4 15. Ng3 d4 16. cxd4 Nxd4 17. Nxd4 cxd4 18. Rac1 Rac8 19. Rc2 Ne5 20. Rec1 Qxc1+ 21. Rxc1 Rxc1+ 22. Kh2 Rfc8 {Hariharan,S (2024)-Jaracz,P (2445) chess.com INT 2025 0-1 (52)}) 8... O-O 9. e4 c5 10. Nh2 f6 $146 ({RR} 10... Qc7 11. f4 f6 12. Ndf3 Nc6 13. c3 b5 14. h4 Bf7 15. Kh1 a5 16. Be3 a4 17. a3 Na5 18. Nd2 Rfe8 19. Qf2 Nb3 20. Nxb3 axb3 21. exd5 exd5 22. d4 c4 23. g4 Re7 24. g5 Rae8 25. Ng4 {Movsziszian,K (2494)-Avila Jimenez,X (2259) Andorra 2007 0-1 (39)}) ({RR} 10... Qc7 11. c3 f6 12. f4 Bf7 13. exd5 exd5 14. Qf2 Rfe8 15. Ndf3 d4 16. cxd4 cxd4 17. Nxd4 Bc5 18. Be3 Nd5 19. Bxd5 Bxd5 20. Nc2 Be6 21. g4 Qd6 22. Rfd1 Rad8 23. d4 Bb6 24. b3 Bd5 25. Nf1 {Rogule,L (2362)-Kosintseva,N (2567) Tbilisi 2011 0-1 (45)}) 11. f4 Bf7 12. Nhf3 Rc8 13. c3 b5 14. a4 b4 15. c4 a5 16. Nb3 dxc4 17. dxc4 e5 18. Qe2 Nb6 19. Nxa5 Qc7 20. fxe5 Bxe5 21. Nxe5 fxe5 22. Qc2 Ra8 23. Nb3 Bxc4 24. Rxf8+ Kxf8 25. Be3 Bxb3 26. Qxb3 Nd7 27. Rf1+ Nf6 28. g4 h6 29. Bxh6 Qb6 30. Be3 Ke8 31. g5 Nd7 32. Qf7+ Kd8 33. Qxg7 Rxa4 34. h4 Ra2 35. Rf2 Ra1+ 36. Kh2 Qe6 37. Bh3 Qc4 38. Rd2 Ra7 39. Qf8+ 1-0

[Event "Wch Blitz 8th"]
[Site "Dubai"]
[Date "2014.06.20"]
[Round "16"]
[White "Caruana, Fabiano"]
[Black "Le, Quang Liem"]
[Result "1-0"]
[WhiteElo "2791"]
[BlackElo "2712"]
[PlyCount "87"]
[EventDate "2014.06.19"]
[EventType "swiss (blitz)"]
[EventRounds "21"]
[EventCountry "UAE"]
[SourceTitle "CBM 160 Extra"]
[Source "ChessBase"]
[SourceDate "2014.07.01"]
[SourceVersion "1"]
[SourceVersionDate "2014.07.01"]
[SourceQuality "1"]

1. Nf3 Nf6 2. g3 d5 3. Bg2 g6 4. O-O Bg7 5. d3 O-O 6. Nbd2 c5 7. e4 Nc6 8. c3 e5 9. a4 b6 ({RR} 9... Re8 10. Re1 h6 11. exd5 Nxd5 12. a5 Rb8 13. Qa4 Re6 14. Qc4 b5 15. Qa2 Nc7 16. Ne4 Na6 17. Be3 Bf8 18. Nh4 Kg7 19. f4 exf4 20. Bxf4 Rb7 21. b3 Rd7 22. Qd2 Rxd3 23. Bxh6+ Kg8 24. Qf4 {Romanov,E (2619)-Harutyunian,T (2501) Batumi 2018 1-0 (46)}) ({RR} 9... Re8 10. exd5 Nxd5 11. Nc4 b6 12. Re1 f6 13. a5 b5 14. Ne3 Be6 15. a6 Qd7 16. Nd2 Nxe3 17. Rxe3 Rac8 18. Nb3 Qd6 19. Re1 Red8 20. Be3 Ne7 21. Na5 Qxd3 22. Qxd3 Rxd3 23. Nb7 Rd5 24. Bxd5 {Gubajdullin,A (2238)-Lin,B (2316) chess.com INT 2025 1-0 (45)}) 10. exd5 Nxd5 11. Nc4 $146 ({RR} 11. Re1 Re8 12. Nc4 f6 13. Nfd2 Be6 14. Ne4 Qc7 15. a5 Rad8 16. Qa4 Nde7 17. Qb5 Bxc4 18. dxc4 Nxa5 19. Nxc5 a6 20. Nxa6 Qxc4 21. Rxa5 {1-0 (21) Schnegelsberg,K-Kuenitz,K (2120) Baunatal 1997}) 11... f6 12. Re1 Be6 13. Nfd2 Qd7 14. Ne4 Rfd8 15. Qe2 Kh8 16. a5 Rab8 17. axb6 axb6 18. Bd2 Bg8 19. Ra6 f5 20. Ng5 e4 21. Raa1 Nde7 22. dxe4 b5 23. Bf4 Bxc4 24. Qe3 Ra8 25. Rxa8 Rxa8 26. exf5 Nxf5 27. Qxc5 Rc8 28. b3 Nce7 29. Qa3 Bg8 30. g4 Nh4 31. Qxe7 Qxg4 32. Bg3 Nxg2 33. Kxg2 Bd5+ 34. f3 Qf5 35. Be5 Qf8 36. Qd7 Qg8 37. Bxg7+ Qxg7 38. Qxc8+ Bg8 39. Re8 h6 40. Ne6 Qf7 41. Rxg8+ Qxg8 42. Qxg8+ Kxg8 43. Nd4 Kf7 44. Nxb5 1-0

[Event "Wch Blitz 8th"]
[Site "Dubai"]
[Date "2014.06.20"]
[Round "18"]
[White "Iturrizaga Bonelli, Eduardo"]
[Black "Meier, Georg"]
[Result "1-0"]
[WhiteElo "2653"]
[BlackElo "2632"]
[PlyCount "97"]
[EventDate "2014.06.19"]
[EventType "swiss (blitz)"]
[EventRounds "21"]
[EventCountry "UAE"]
[SourceTitle "CBM 160 Extra"]
[Source "ChessBase"]
[SourceDate "2014.07.01"]
[SourceVersion "1"]
[SourceVersionDate "2014.07.01"]
[SourceQuality "1"]

1. Nf3 d5 2. c4 d4 3. b4 f6 4. d3 e5 5. a3 a5 6. b5 c6 ({RR} 6... Ne7 7. e3 dxe3 8. fxe3 Nf5 9. g4 Nd6 10. Rg1 Be6 11. Qc2 Nd7 12. d4 e4 13. Nh4 f5 14. Ng2 fxg4 15. c5 Nf7 16. Nd2 Be7 17. Nxe4 a4 18. Bb2 Bb3 19. Qe2 h5 20. Nd2 Bh4+ 21. Nxh4 {Ding,L (2777)-Giri,A (2772) Wenzhou 2017 ½-½ (33)}) ({RR} 6... Bc5 7. g3 a4 8. Bg2 Be6 9. O-O Nd7 10. e3 dxe3 11. Bxe3 Bxe3 12. fxe3 Ne7 13. Nc3 Nc5 14. d4 Nb3 15. dxe5 Nxa1 16. Qxa1 O-O 17. Nd4 Bxc4 18. exf6 Ng6 19. fxg7 Rxf1+ 20. Bxf1 Bf7 21. Ne4 {Tugstumur,Y (2396)-Drozdowski,K (2450) chess.com INT 2025 1-0}) 7. a4 $146 ({RR} 7. g3 cxb5 8. cxb5 a4 9. Nbd2 Qa5 10. Bg2 Be6 11. O-O Qc3 12. Rb1 Bxa3 13. Ne4 Qb3 14. Rxb3 Bxb3 15. Qd2 Be7 16. Bb2 Nd7 17. Bh3 g6 18. Bxd7+ Kxd7 19. Rc1 Bd5 20. Nc5+ Ke8 21. Ba3 b6 {Forster,W (1908)-Tan,J (2161) Rotorua 2011 1-0}) ({RR} 7. bxc6 Nxc6 8. g3 Bc5 9. Bg2 Nge7 10. O-O O-O 11. Nbd2 a4 12. Rb1 Kh8 13. Ne4 Ba7 14. Qxa4 f5 15. Ned2 e4 16. dxe4 d3 17. Qd1 fxe4 18. Nxe4 dxe2 19. Qxe2 Nf5 20. Bb2 Nfd4 21. Nxd4 Nxd4 {Bayo Milagro,A (2287)-Tsotsonava,E (2053) chess.com INT 2023 1-0 (35)}) 7... Bb4+ 8. Nbd2 Nd7 9. g3 Nc5 10. Bg2 Ne7 11. O-O O-O 12. Nb3 Nxb3 13. Qxb3 Be6 14. Ba3 c5 15. Bxb4 cxb4 16. Nd2 Qc7 17. Qb2 Rac8 18. Nb3 b6 19. Rac1 Nf5 20. Bc6 Qf7 21. Nd2 Ne7 22. Bg2 f5 23. Nf3 Qf6 24. e3 dxe3 25. Qxe5 exf2+ 26. Rxf2 Qxe5 27. Nxe5 Rfd8 28. Re1 Kf8 29. g4 g6 30. Rfe2 fxg4 31. Nc6 Nxc6 32. Rxe6 Nd4 33. Rxb6 Re8 34. Rf1+ Kg7 35. Rd6 Ne2+ 36. Kf2 Nc3 37. Kg3 b3 38. Rd7+ Kh6 39. b6 b2 40. b7 Rc5 41. Re7 Rb8 42. Ree1 Rf5 43. Rxf5 gxf5 44. c5 Kg5 45. h4+ gxh3 46. Kxh3 Kf4 47. c6 Rg8 48. Rf1+ Ke3 49. c7 1-0

[Event "Wch Blitz 8th"]
[Site "Dubai"]
[Date "2014.06.20"]
[Round "18"]
[White "Movsesian, Sergei"]
[Black "Anton Guijarro, David"]
[Result "1-0"]
[WhiteElo "2672"]
[BlackElo "2631"]
[PlyCount "61"]
[EventDate "2014.06.19"]
[EventType "swiss (blitz)"]
[EventRounds "21"]
[EventCountry "UAE"]
[SourceTitle "CBM 160 Extra"]
[Source "ChessBase"]
[SourceDate "2014.07.01"]
[SourceVersion "1"]
[SourceVersionDate "2014.07.01"]
[SourceQuality "1"]

1. g3 g6 2. Bg2 d5 3. Nf3 Bg7 4. O-O c6 5. d3 e5 ({RR} 5... Bg4 6. Nbd2 Nd7 7. h3 Bxf3 8. Nxf3 Ngf6 9. c4 dxc4 10. dxc4 O-O 11. Qc2 Qc7 12. Rd1 Rfd8 13. Bf4 e5 14. Be3 Bf8 15. c5 Nd5 16. Bg5 Re8 17. e4 N5f6 18. Be3 Rad8 19. Bf1 Bg7 20. Bc4 {Gledura,B (2619)-Nguyen Ngoc Truong Son (2633) chess.com INT 2024 1-0 (36)}) 6. Nc3 ({RR} 6. Nbd2 f5 7. e4 dxe4 8. dxe4 f4 9. gxf4 exf4 10. e5 Ne7 11. Ne4 O-O 12. Nd6 Nd5 13. c4 Nb6 14. Qb3 Be6 15. Nd4 Qe7 16. Nxe6 Qxe6 17. c5 Qxb3 18. axb3 N6d7 19. e6 Nf6 20. e7 Rf7 {Gubajdullin,A (2238)-Bognar,C (2101) chess.com INT 2024 1-0}) 6... Nf6 $146 ({RR} 6... Ne7 7. e4 d4 8. Ne2 c5 9. Ne1 Nbc6 10. f4 f5 11. Bd2 Be6 12. Nf3 h6 13. Nh4 Qb6 14. Qc1 c4 15. Kh1 cxd3 16. cxd3 Rc8 17. Qb1 O-O 18. b4 Kh7 19. Qb2 Bf6 20. Nf3 fxe4 21. dxe4 {Schulz,A-Rezai Perdomo,Y Schoeneck 1996 1-0 (32)}) ({RR} 6... Ne7 7. e4 d4 8. Ne2 O-O 9. Nd2 c5 10. f4 f6 11. h3 Nbc6 12. g4 g5 13. f5 a6 14. a4 b6 15. h4 h6 16. hxg5 hxg5 17. Nf3 Bh6 18. Kf2 Kf7 19. Rh1 Rh8 20. Rh5 Ng8 21. Qh1 {Manafov,V (2176)-Turgut,T (2294) Chess.com INT 2019 ½-½ (96)}) 7. e4 dxe4 8. Nxe5 exd3 9. Nxd3 O-O 10. Bf4 Bg4 11. Qd2 Qc8 12. Rfe1 Bh3 13. Bh1 Na6 14. Bh6 Nc7 15. Bxg7 Kxg7 16. Nf4 Bf5 17. Re7 Re8 18. Rae1 Rxe7 19. Rxe7 Ne6 20. Nxe6+ Bxe6 21. Qe3 Ng8 22. Qe5+ Kf8 23. Rc7 Qd8 24. Rxb7 Qd2 25. Bxc6 Rc8 26. Bf3 Bh3 27. Qe2 Qc1+ 28. Qd1 Qg5 29. Ne4 Qa5 30. Nd6 Rc7 31. b4 1-0

[Event "Wch Blitz 8th"]
[Site "Dubai"]
[Date "2014.06.20"]
[Round "19"]
[White "Bacrot, Etienne"]
[Black "Safarli, Eltaj"]
[Result "1-0"]
[WhiteElo "2720"]
[BlackElo "2649"]
[PlyCount "65"]
[EventDate "2014.06.19"]
[EventType "swiss (blitz)"]
[EventRounds "21"]
[EventCountry "UAE"]
[SourceTitle "CBM 160 Extra"]
[Source "ChessBase"]
[SourceDate "2014.07.01"]
[SourceVersion "1"]
[SourceVersionDate "2014.07.01"]
[SourceQuality "1"]

1. b3 Nf6 2. Bb2 g6 3. g3 Bg7 4. Bg2 O-O 5. Nf3 d5 6. O-O c6 7. d3 Bg4 8. Nbd2 Nbd7 9. h3 Bxf3 10. Nxf3 Re8 ({RR} 10... e6 11. c4 Ne8 12. Qc2 Bxb2 13. Qxb2 Qf6 14. Rab1 Qxb2 15. Rxb2 Nd6 16. cxd5 cxd5 17. Rc1 Rac8 18. Rbc2 Rxc2 19. Rxc2 Rc8 20. Rxc8+ Nxc8 21. d4 Nd6 22. e3 Ne4 23. Ne1 Nc3 24. a3 Nb1 25. Nc2 {Topalov,A (2233)-Antoniou,R (2041) chess.com INT 2025 1-0 (63)}) 11. c4 $146 ({RR} 11. Re1 e5 12. e4 d4 13. Nd2 Bh6 14. Nc4 Nb6 15. Na5 Na4 16. Bc1 Bxc1 17. Nxb7 Qc7 18. Qxc1 Qxb7 19. bxa4 Nd7 20. Rb1 Qc7 21. Qa3 c5 22. Rb3 Rab8 23. Reb1 c4 24. Rxb8 Rxb8 25. Rxb8+ Nxb8 {Zardus,D-Terwilliger,G Long Island 1995 ½-½ (38)}) ({RR} 11. d4 a5 12. a4 Ne4 13. e3 e6 14. c4 Ndc5 15. Ne5 Na6 16. Nd3 Nd6 17. Qc2 Rc8 18. c5 Ne4 19. Kh2 Qc7 20. Rac1 h5 21. Bxe4 dxe4 22. Ne5 f5 23. Nxg6 Kf7 24. Nf4 h4 25. Bc3 Rh8 {Nakamura,H (2780)-Topalov,V (2749) Saint Louis 2017 1-0 (38)}) ({RR} 11. Re1 Nh5 12. Bxg7 Kxg7 13. e4 e6 14. Qd2 h6 15. e5 g5 16. h4 Kg6 17. d4 Rg8 18. Bf1 gxh4 19. Bd3+ Kg7 20. Nxh4 Qg5 21. Qxg5+ hxg5 22. Nf3 f6 23. exf6+ Kxf6 24. Kg2 Ng7 25. Rh1 Rh8 {Topalov,A (2233)-Arias,M (2259) chess.com INT 2024 ½-½ (54)}) 11... e5 12. cxd5 cxd5 13. Nd2 Rc8 14. Rc1 Qa5 15. a3 Qb6 16. b4 a5 17. Qa4 axb4 18. axb4 Bf8 19. b5 Rxc1 20. Rxc1 Bc5 21. Rf1 Nh5 22. d4 Bxd4 23. Bxd4 exd4 24. Bxd5 Rxe2 25. Nc4 Qf6 26. Qa8+ Kg7 27. Qxb7 Nc5 28. Qc6 Qg5 29. Qxc5 Nxg3 30. Qxd4+ Kg8 31. Bxf7+ Kf8 32. Qd6+ Kg7 33. Qxg3 1-0

[Event "Wch Blitz 8th"]
[Site "Dubai"]
[Date "2014.06.20"]
[Round "19"]
[White "Dubov, Daniil"]
[Black "Gundavaa, Bayarsaihan"]
[Result "1-0"]
[WhiteElo "2614"]
[BlackElo "2501"]
[PlyCount "93"]
[EventDate "2014.06.19"]
[EventType "swiss (blitz)"]
[EventRounds "21"]
[EventCountry "UAE"]
[SourceTitle "CBM 160 Extra"]
[Source "ChessBase"]
[SourceDate "2014.07.01"]
[SourceVersion "1"]
[SourceVersionDate "2014.07.01"]
[SourceQuality "1"]

1. Nf3 Nf6 2. g3 b5 3. Bg2 Bb7 4. O-O e6 5. d3 c5 6. e4 d6 7. Nc3 b4 8. Ne2 Be7 ({RR} 8... Nbd7 9. Ng5 Qc7 10. f4 Be7 11. h3 O-O 12. g4 Rfc8 13. Be3 a5 14. Ng3 c4 15. Rc1 cxd3 16. cxd3 Qd8 17. f5 Rxc1 18. Bxc1 e5 19. Nf3 d5 20. g5 dxe4 21. Nh2 Nd5 22. f6 Bc5+ 23. Kh1 {Grischuk,A (2783)-Leko,P (2730) Beijing 2013 1-0 (46)}) 9. Ng5 ({RR} 9. Bf4 O-O 10. Qd2 Nc6 11. Rfe1 e5 12. Bg5 h6 13. Bxf6 Bxf6 14. c4 Bc8 15. Rf1 Bg4 16. Ne1 a5 17. Nc2 Bg5 18. Qd1 a4 19. h4 Bf6 20. Ne3 Bxe2 21. Qxe2 Nd4 22. Qh5 Kh7 23. Ng4 Ra7 {Piddubna,B (2152)-Injac,T (2453) Monaco MNC 2025 ½-½ (53)}) 9... Qc7 $146 ({RR} 9... Nc6 10. f4 O-O 11. h3 d5 12. e5 Nd7 13. Nf3 f6 14. exf6 Bxf6 15. d4 Ba6 16. Rf2 Bxe2 17. Rxe2 Nxd4 18. Nxd4 Bxd4+ 19. Kh2 Nb6 20. Rxe6 Qd7 21. Re2 Rae8 22. a3 Rxe2 23. Qxe2 Re8 24. Qd1 {Stefanova,A (2512)-Abdulla,K (2266) Chakvi 2015 1-0 (61)}) 10. f4 h6 11. Nf3 Nbd7 12. h3 c4 13. Be3 O-O 14. g4 Rac8 15. f5 cxd3 16. cxd3 Ne5 17. Nfd4 Qd7 18. Nf4 exf5 19. Nxf5 Rfe8 20. a3 d5 21. Bd4 Bf8 22. Bxe5 Rxe5 23. d4 Rxe4 24. Bxe4 dxe4 25. axb4 a6 26. Qd2 g6 27. Ne3 Bg7 28. d5 g5 29. Nfg2 Rd8 30. Nf5 Nxd5 31. Rad1 Bf8 32. Nge3 Qe6 33. Qf2 Rd7 34. Nxd5 Rxd5 35. Rxd5 Qxd5 36. Ne3 Qe6 37. Qf5 Qxf5 38. Nxf5 Bxb4 39. Nxh6+ Kg7 40. Rxf7+ Kxh6 41. Rxb7 Bc5+ 42. Kf1 Bd4 43. Ke2 Kg6 44. b3 Kf6 45. Rc7 Ke5 46. Rf7 Ke6 47. Rf5 1-0

[Event "Wch Blitz 8th"]
[Site "Dubai"]
[Date "2014.06.20"]
[Round "20"]
[White "Le, Quang Liem"]
[Black "Anand, Viswanathan"]
[Result "1-0"]
[WhiteElo "2712"]
[BlackElo "2785"]
[PlyCount "54"]
[EventDate "2014.06.19"]
[EventType "swiss (blitz)"]
[EventRounds "21"]
[EventCountry "UAE"]
[SourceTitle "CBM 160 Extra"]
[Source "ChessBase"]
[SourceDate "2014.07.01"]
[SourceVersion "1"]
[SourceVersionDate "2014.07.01"]
[SourceQuality "1"]

1. Nf3 d5 2. g3 g6 3. Bg2 Bg7 4. c4 dxc4 5. Na3 e5 6. Qc2 Nc6 7. Nxc4 Nge7 8. d3 O-O 9. O-O h6 ({RR} 9... Bg4 10. Qb3 Rb8 11. Qa3 Re8 12. Ne3 Bxf3 13. Bxf3 Nd4 14. Qxa7 Nxf3+ 15. exf3 Qxd3 16. Qc5 Nc6 17. Kg2 e4 18. f4 Qe2 19. Nc2 Rbd8 20. Be3 h5 21. h4 Ne7 22. Rae1 Qf3+ 23. Kh2 Nf5 24. Qb5 {Oparin,G (2604)-Kramnik,V (2811) Zuerich 2017 0-1 (38)}) 10. h3 $146 ({RR} 10. Bd2 a5 11. Bc3 f6 12. b3 Be6 13. Rfd1 Nd4 14. Nxd4 exd4 15. Bd2 Bd5 16. Bxd5+ Qxd5 17. Na3 Qd7 18. Qc4+ Kh7 19. Rac1 c6 20. Qc5 b5 21. Nc2 f5 22. a4 b4 23. Ne1 Nd5 24. Qxc6 Qxc6 {Triapishko,A (2499)-Goganov,A (2519) Anapa RUS 2023 1-0 (60)}) ({RR} 10. Bd2 Nd5 11. Rac1 Be6 12. a3 a6 13. e4 Nde7 14. Bc3 f6 15. Ne3 Rc8 16. Rfd1 Nd4 17. Bxd4 exd4 18. Nc4 c5 19. Qd2 Nc6 20. Qe2 b5 21. Ncd2 Qb6 22. Nh4 Bf7 23. Bh3 Rc7 24. Rf1 Na5 {Baghdasaryan,V (2436)-Petrosyan,M (2484) Moscow 2016 ½-½ (85)}) 10... Nf5 11. Bd2 Nfd4 12. Nxd4 Nxd4 13. Qd1 Re8 14. Bc3 c6 15. Rc1 a5 16. a4 Be6 17. b3 b5 18. Nd2 Rc8 19. Bxd4 exd4 20. Rxc6 bxa4 21. bxa4 Rxc6 22. Bxc6 Re7 23. Bg2 Rc7 24. Qb1 Bf8 25. Nc4 Bxc4 26. dxc4 Rxc4 27. Qd3 Rc2 1-0

[Event "Wch Blitz 8th"]
[Site "Dubai"]
[Date "2014.06.20"]
[Round "21"]
[White "Dubov, Daniil"]
[Black "Yu, Yangyi"]
[Result "1-0"]
[WhiteElo "2614"]
[BlackElo "2675"]
[PlyCount "85"]
[EventDate "2014.06.19"]
[EventType "swiss (blitz)"]
[EventRounds "21"]
[EventCountry "UAE"]
[SourceTitle "CBM 160 Extra"]
[Source "ChessBase"]
[SourceDate "2014.07.01"]
[SourceVersion "1"]
[SourceVersionDate "2014.07.01"]
[SourceQuality "1"]

1. Nf3 {Erenburg,Sergey} d5 2. g3 Nf6 3. Bg2 c6 4. O-O Bf5 5. d3 e6 6. Nh4 Bg6 ({RR} 6... Bg4 7. h3 Bh5 8. Nd2 Be7 9. Qe1 Nfd7 10. f4 Bxh4 11. gxh4 O-O 12. e4 Re8 13. Qg3 f5) 7. Qe1 ({RR} 7. Nxg6 hxg6 8. Nd2 ({RR} 8. e4 dxe4 9. dxe4 Qxd1 10. Rxd1 Nbd7 11. h3 Bc5 12. Nd2 O-O-O 13. Nb3 Bb6 14. Kf1 Nc5 15. Rxd8+ Rxd8 16. Nxc5 Bxc5 17. Ke2 e5 18. Bg5 Kc7) 8... Nbd7 9. e4 dxe4 10. dxe4 ({RR} 10. Nxe4 Nxe4 11. Bxe4 Bd6 12. Bg2 f5 ({RR} 12... Nf6) 13. d4 Qf6 14. c4 g5 15. Re1 O-O-O 16. Bd2 g4 17. d5) 10... e5 11. Qe2 Bc5 12. Nf3 Qc7 13. h4 O-O 14. Bh3 Rfe8 15. Kg2 Nf8 16. Ng5 Rad8 17. a3 Qe7 ({RR} 17... N8h7 18. Bd2 Nxg5 19. Bxg5 Rd6) 18. Bd2 N8h7 19. Rae1 Nxg5 20. Bxg5 Qc7 ({RR} 20... Rd6 21. f4 exf4 22. e5 Qc7 23. b4 Bb6 24. Bxf4 Nh5 25. Kh1 Qb8 26. Qf3) 21. h5 gxh5 {Nakamura,H (2778)-Solak,D (2599) Istanbul 2012 CBM 151 [Erenburg,Sergey] 1-0 (31)}) ({RR} 7. Nd2 Be7 8. Nxg6 ({RR} 8. e4 Bh5) 8... hxg6 9. e4 a5 10. c3 ({RR} 10. Qe2) 10... Nbd7 11. Qe2 dxe4 12. Nxe4 Nxe4 13. dxe4 Qc7 14. Rd1 O-O 15. Bf4 e5 16. Be3 a4 17. h4 Nf6 18. Bf3 Rfd8 19. Kg2 Rxd1 20. Rxd1 Rd8 21. Rxd8+ Bxd8) 7... Be7 ({RR} 7... Nbd7 8. e4 dxe4 9. dxe4 Bc5 10. a4 a5 11. Nd2 O-O 12. Nc4 Qc7 13. Bd2 b6 14. Bc3 Rad8 15. b3 Ng4 16. Kh1 Nge5 17. Nd2 Bb4 18. Bxb4 axb4 19. f4 Ng4 20. h3 Ngf6 21. g4 Nc5 22. f5 {Demidov,M (2549)-Kashefi,A (2188) chess.com INT 2024 1-0 (59)}) 8. e4 O-O $146 ({RR} 8... dxe4 9. dxe4 Na6 10. a3 Nd7 11. Nxg6 hxg6 12. Nc3 O-O 13. Be3 Bc5 14. b4 Bxe3 15. Qxe3 Qb6 16. Qxb6 axb6 17. f4 b5 18. Rfb1 Rfd8 19. a4 bxa4 20. Rxa4 Nb6 21. Ra2 Nc7 22. Rxa8 Rxa8 23. b5 {Stefanova,A (2466)-Jobava,B (2603) Chess.com INT 2021 0-1 (53)}) ({RR} 8... dxe4 9. dxe4 Na6 10. a3 Nd7 11. Nxg6 hxg6 12. Nc3 O-O 13. Be3 Bc5 14. b4 Bxe3 15. Qxe3 Qb6 16. Qxb6 axb6 17. f4 b5 18. Rfb1 Rfd8 19. a4 bxa4 20. Rxa4 Nb6 21. Ra2 Nc7 22. Rxa8 Rxa8 23. b5 {Stefanova,A (2466)-Jobava,B (2603) Chess.com INT 2021 0-1 (53)}) 9. e5 Nfd7 10. Nxg6 hxg6 11. Nd2 c5 12. f4 Nc6 13. c3 b5 14. Nf3 Rc8 15. h4 a5 16. g4 b4 17. c4 dxc4 18. dxc4 Nd4 19. Qe4 Nb6 20. b3 a4 21. Rd1 Qc7 22. Nxd4 cxd4 23. Bb2 Nd7 24. Bxd4 Nc5 25. Qe3 Rfd8 26. Kh2 Rd7 27. Rd2 Rcd8 28. Rad1 axb3 29. axb3 Qc8 30. h5 Qc7 31. Kh1 Qb8 32. hxg6 fxg6 33. f5 gxf5 34. gxf5 exf5 35. Bd5+ Rxd5 36. cxd5 Rxd5 37. Bxc5 Rxc5 38. Rd8+ Bxd8 39. Qxc5 Bg5 40. Qd5+ Kh7 41. Kg2 Qb6 42. Qf3 Kg6 43. Rd6+ 1-0

[Event "Wch Blitz 8th"]
[Site "Dubai"]
[Date "2014.06.20"]
[Round "21"]
[White "Matlakov, Maxim"]
[Black "Savchenko, Boris"]
[Result "1-0"]
[WhiteElo "2689"]
[BlackElo "2581"]
[PlyCount "81"]
[EventDate "2014.06.19"]
[EventType "swiss (blitz)"]
[EventRounds "21"]
[EventCountry "UAE"]
[SourceTitle "CBM 160 Extra"]
[Source "ChessBase"]
[SourceDate "2014.07.01"]
[SourceVersion "1"]
[SourceVersionDate "2014.07.01"]
[SourceQuality "1"]

1. Nf3 {Greenfeld,Alon} Nf6 2. g3 b5 3. Bg2 Bb7 4. O-O c5 5. d3 g6 ({RR} 5... e6) ({RR} 5... d6) 6. e4 Bg7 ({RR} 6... d6) ({RR} 6... d6 7. a4 b4 8. a5 Bg7 9. Nbd2 O-O 10. Nc4 d5 11. exd5 Nxd5 12. Re1 Nc6 13. a6 Bc8 14. Nfe5 Nxe5 15. Nxe5 e6 16. d4 Qc7 17. Bf4 g5 18. Bc1 Rb8 19. h4 gxh4 20. Qg4 f5 21. Qxh4 {Brady,T (2164)-Foldes,M (2324) chess.com INT 2025 1-0 (34)}) 7. e5 ({RR} 7. a4 b4 8. Nbd2 O-O 9. Nc4 Nc6 10. Re1 d6 11. Bd2 Nd7 12. Qc1 Nb6 13. Bh6 Nxc4 14. dxc4 e5 15. Bxg7 Kxg7 16. Nd2 Nd4 17. c3 bxc3 18. bxc3 Ne6 19. Nf1 f5 20. Rb1 Bxe4 21. Bxe4 fxe4 {Santos Latasa,J (2978)-Carlsen,M (3244) Chess.com 2024 0-1 (47)}) 7... Nd5 ({RR} 7... Ng4 8. Re1) 8. Re1 $146 ({RR} 8. d4 cxd4 ({RR} 8... Qb6 9. c3) ({RR} 8... d6 9. dxc5 dxc5 10. Na3) 9. Nxd4 Qb6 ({RR} 9... Bxe5 10. Re1 d6 11. Nxb5 Qb6 12. c4) 10. a4 Nc7 ({RR} 10... Bxe5 11. Nxb5) ({RR} 10... b4 11. Nb5) ({RR} 10... bxa4 11. Re1) 11. Bxb7 ({RR} 11. Be3 Bxg2 12. Nxb5 Qb7 13. Nxc7+ Qxc7 14. Kxg2 Qxe5) 11... Qxb7 12. Nxb5 Nxb5 13. axb5 Qxb5 ({RR} 13... Bxe5 14. Re1 Qxb5 ({RR} 14... d6 15. Nc3 O-O 16. Qd5) 15. Na3 Qc5 16. Be3) 14. Nc3 Qb7 ({RR} 14... Qxe5 15. Re1 Qc5 ({RR} 15... Qd4 16. Qf3 Nc6 17. Nb5) 16. Ne4 ({RR} 16. Nd5) ({RR} 16. Be3) 16... Qc6 17. Nd6+ Kf8 18. Rxe7 Kxe7 19. Qe1+ Kd8 ({RR} 19... Kxd6 20. Bf4+ Kc5 21. Ra5+) ({RR} 19... Kf6 20. Ra5) 20. Nxf7+) 15. Ra5 Nc6 ({RR} 15... O-O 16. Rb5) 16. Rb5 Qc8 17. Bf4 O-O 18. Nd5 ({RR} 18. Re1) 18... Re8 ({RR} 18... e6 19. Nf6+ Bxf6 20. exf6) 19. Re1 Rb8 20. Rxb8 Nxb8 ({RR} 20... Qxb8 21. e6 ({RR} 21. Nf6+ exf6 22. exf6 Rxe1+ 23. Qxe1 Qb4 ({RR} 23... Qa8 24. fxg7 Nd4) 24. Qxb4 Nxb4 25. fxg7 Nxc2) 21... d6 22. exf7+ Kxf7) 21. c3 Nc6 22. b4 Nd8 {Romanishin,O (2590)-Hodgson,J (2615) Ischia 1996 CBM 054 [Greenfeld,Alon] 1-0 (40)} ({RR} 22... e6 23. Nf6+ Bxf6 24. exf6 d5)) ({RR} 8. c4 Nc7 9. Nc3 b4 10. Ne4 Bxe4 11. dxe4 Nc6 12. Bf4 Ne6 13. Qd5 Rc8 14. Rad1 Ned4 15. Nxd4 Nxd4 16. Qb7 a5 17. Bh3 e6 18. Rxd4 cxd4 19. b3 O-O 20. Rd1 g5 21. Bc1 Bxe5 22. f4 gxf4 {Gallasch,R (2063)-Stelmaszyk,N (2302) Willingen 2022 0-1}) 8... O-O 9. Nbd2 a5 10. h4 Nc7 11. h5 Ne6 12. Ne4 Na6 13. Neg5 Nac7 14. c3 Ra6 15. d4 cxd4 16. cxd4 Qa8 17. Qd3 Rc8 18. Bd2 Nxg5 19. Bxg5 Bf8 20. Rac1 Bd5 21. Nh4 Bxg2 22. Nxg2 Ne6 23. Rxc8 Qxc8 24. Be3 Qb7 25. d5 Nc7 26. Rd1 Bg7 27. Bf4 g5 28. Bxg5 Bxe5 29. Bxe7 Bxb2 30. Ne3 Ne8 31. Nf5 h6 32. d6 Bg7 33. Re1 Ra8 34. Re4 Rc8 35. Kh2 Kh8 36. Nxg7 Nxg7 37. Bf6 Qb6 38. Bd4 Qc6 39. Rg4 Rg8 40. Bxg7+ Rxg7 41. Qd4 1-0

[Event "Warsaw Najdorf Memorial op-A 12th"]
[Site "Warsaw"]
[Date "2014.07.19"]
[Round "8"]
[White "Petrosian, Tigran L"]
[Black "Mista, Aleksander"]
[Result "1-0"]
[WhiteElo "2629"]
[BlackElo "2609"]
[PlyCount "89"]
[EventDate "2014.07.14"]
[EventType "swiss"]
[EventRounds "9"]
[EventCountry "POL"]
[SourceTitle "CBM 161 Extra"]
[Source "ChessBase"]
[SourceDate "2014.08.29"]
[SourceVersion "1"]
[SourceVersionDate "2014.08.29"]
[SourceQuality "1"]

1. Nf3 d5 2. g3 Nc6 3. Bg2 e5 4. O-O e4 5. Ne1 Nf6 6. d3 Bf5 7. c3 ({RR} 7. Bg5 Be7 8. Nd2 Ng4 9. Bxe7 Qxe7 10. h3 Nf6 11. c3 e3 12. fxe3 Qxe3+ 13. Kh2 Be6 14. Nef3 h6 15. Nb3 O-O-O 16. Nfd4 Bd7 17. Nxc6 Bxc6 18. Nd4 Bd7 19. Rf3 Qe5 20. Qd2 c5 21. Nb3 Qc7 {Hariharan,S (2024)-Reprintsev,A (2257) chess.com INT 2025 0-1 (58)}) 7... Qd7 8. Bg5 Be7 $146 ({RR} 8... O-O-O 9. dxe4 dxe4 10. Qxd7+ Rxd7 11. Bxf6 gxf6 12. Nc2 Kb8 13. b4 Bg6 14. Nba3 Bh6 15. Rad1 Bd2 16. Nb1 Rhd8 17. e3 Rd3 18. b5 Ne5 19. Nd4 Nc4 20. Nxd2 Nxd2 21. Rfe1 f5 22. Kh1 Bh5 23. Rc1 {Petrosian,T (2592)-Sadorra,J (2587) Chess.com INT 2017 1-0 (41)}) 9. Nc2 Bh3 10. Bxf6 Bxf6 11. dxe4 Bxg2 12. Kxg2 dxe4 13. Qxd7+ Kxd7 14. Rd1+ Kc8 15. Nd2 Re8 16. a4 a5 17. Nc4 Ne5 18. N2e3 Nxc4 19. Nxc4 b6 20. Rd5 Kb7 21. Rd7 Rf8 22. Rad1 Rad8 23. g4 Rxd7 24. Rxd7 Kc6 25. Rd1 Rd8 26. Ne5+ Kc5 27. b4+ axb4 28. cxb4+ Kxb4 29. Nc6+ Kxa4 30. Nxd8 c5 31. g5 Bb2 32. Rd6 b5 33. Kf1 c4 34. Ke1 b4 35. Nb7 b3 36. Nc5+ Kb4 37. Nxe4 c3 38. Nxc3 Bxc3+ 39. Kd1 f6 40. h4 Be5 41. Rd7 Kc3 42. gxf6 Bxf6 43. h5 h6 44. Kc1 Bh4 45. f4 1-0